000 00455nam a2200181Ia 4500
008 240925s9999 xx 000 0 und d
020 _a28028333
082 _a621.381 MAL
100 _aMalvino, Albert Paul
245 0 _aElectronic Principles
250 _a6th
260 _aNew York:
_bMcGraw-Hill
_c,1999.
300 _ax,194p.
_bNA
_fOriginal
500 _aIncludes Index
600 _aElectronic Engineering
650 _aTechnology
942 _cBK
999 _c6988
_d6988